[Event "CCT Play-in Chessable Masters 2024"]
[Site "Online"]
[Date "2024.01.31"]
[Round "2"]
[White "Bocharov, Dmitry"]
[Black "Yoo, Christopher Woojin"]
[Result "1/2-1/2"]
[WhiteElo "2513"]
[BlackElo "2595"]
[Annotator "RC"]
[PlyCount "164"]
[EventDate "2024.01.26"]
[EventType "swiss"]
[EventCountry "NET"]
[SourceTitle "playchess.com"]
[Source "ChessBase"]
[SourceQuality "1"]

1. c4 e5 2. d3 Nf6 3. Nf3 Nc6 4. a3 a5 5. g3 d5 6. cxd5 Nxd5 7. Bg2 Be7 8. O-O O-O 9. b3 Be6 10. Bb2 f6 11. Nbd2 Nb6 12. Rc1 Qd7 13. Ne4 Rfd8 14. Nc5 Bxc5 15. Rxc5 e4 16. Ne1 Bh3 17. Bxh3 Qxh3 18. Qc2 exd3 19. Nxd3 Qd7 20. Rc1 Qf7 21. Rb5 Rd5 22. Rxd5 Nxd5 23. Nc5 b6 24. Ne4 Nce7 25. Rd1 Qe6 26. Qc4 Kf7 27. Rd3 c5 28. Rf3 h6 29. Bxf6 gxf6 30. Rxf6+ Qxf6 31. Nxf6 Kxf6 32. Qh4+ Kg7 33. e4 Ng6 34. Qh3 Nf6 35. Qf5 Re8 36. f3 a4 37. bxa4 Ne5 38. Kg2 Nc4 39. Qf4 Ne5 40. Qc1 Re6 41. f4 Nd3 42. Qc3 c4 43. Qxc4 Ne1+ 44. Kf1 Rxe4 45. Qc3 Kg6 46. a5 bxa5 47. Qxa5 Nf3 48. Kg2 Nd4 49. Qc3 Nf5 50. Qb2 h5 51. Kh3 h4 52. Qd2 hxg3 53. hxg3 Re3 54. Qxe3 Nxe3 55. a4 Nc4 56. g4 Nd5 57. Kg3 Nc3 58. f5+ Kg5 59. f6 Kxf6 60. g5+ Kg6 61. a5 Nxa5 62. Kf4 Nc6 63. Ke3 Nd5+ 64. Kd3 Nde7 65. Ke4 Nf5 66. Kd3 Ne5+ 67. Ke4 Nf7 68. Kd5 Ng7 69. Ke4 Ne6 70. Kd5 Nf8 71. Ke4 Nd6+ 72. Kd5 Nf5 73. Ke5 Ng7 74. Ke4 Nfe6 75. Ke5 Nc5 76. Kd5 Nd3 77. Ke4 Nb4 78. Kd4 Ne6+ 79. Ke5 Nc5 80. Kd4 Nbd3 81. Kc4 Kf5 82. g6 Kxg6 1/2-1/2

[Event "CCT Play-in Chessable Masters 2024"]
[Site "Online"]
[Date "2024.01.31"]
[Round "2"]
[White "Raja Harshit"]
[Black "Fandorine"]
[Result "0-1"]
[WhiteElo "2508"]
[BlackElo "2590"]
[Annotator "RC"]
[PlyCount "74"]
[EventDate "2024.01.26"]
[EventType "swiss"]
[EventCountry "NET"]
[SourceTitle "playchess.com"]
[Source "ChessBase"]
[SourceQuality "1"]

1. e4 e5 2. Nf3 Nc6 3. Bb5 a6 4. Ba4 Nf6 5. O-O Be7 6. d3 d6 7. c4 O-O 8. h3 Rb8 9. Nc3 Nd4 10. Nxd4 exd4 11. Ne2 b5 12. Bb3 c5 13. f4 bxc4 14. Bxc4 d5 15. exd5 Nxd5 16. Ng3 Ne3 17. Bxe3 dxe3 18. b3 Bf6 19. Rc1 Kh8 20. Ne4 Bd4 21. Kh1 Qh4 22. Qf3 Bb7 23. Kh2 Qe7 24. f5 Rbe8 25. f6 gxf6 26. Qf5 Rg8 27. Rc2 Bc8 28. Qh5 f5 29. Kh1 fxe4 30. Rxf7 Qxf7 31. Bxf7 exd3 32. Bxg8 Rxg8 33. Rxc5 e2 34. Re5 Bb7 35. Re8 Bxg2+ 36. Kh2 Bd5 37. Qg4 Be5+ 0-1

[Event "CCT Play-in Chessable Masters 2024"]
[Site "Online"]
[Date "2024.01.31"]
[Round "2"]
[White "Guliyev, Namig"]
[Black "Kovalev, Vladislav"]
[Result "0-1"]
[WhiteElo "2506"]
[BlackElo "2579"]
[Annotator "RC"]
[PlyCount "60"]
[EventDate "2024.01.26"]
[EventType "swiss"]
[EventCountry "NET"]
[SourceTitle "playchess.com"]
[Source "ChessBase"]
[SourceQuality "1"]

1. e4 e5 2. Nf3 Nc6 3. Bb5 a6 4. Ba4 Nf6 5. Qe2 b5 6. Bb3 Bc5 7. c3 O-O 8. d3 d6 9. Nbd2 a5 10. a4 b4 11. Nc4 Rb8 12. Bc2 h6 13. O-O Ba6 14. Ne3 bxc3 15. bxc3 Nxe4 16. Nd5 Nf6 17. Nxf6+ Qxf6 18. Rd1 d5 19. Be3 Bxe3 20. Qxe3 d4 21. cxd4 exd4 22. Qc1 Nb4 23. Rd2 Rfe8 24. Ne1 Re7 25. Qd1 Rbe8 26. Nf3 Bb7 27. Bb3 Bxf3 28. gxf3 Re1+ 29. Qxe1 Rxe1+ 30. Rxe1 Qg5+ 0-1

[Event "CCT Play-in Chessable Masters 2024"]
[Site "Online"]
[Date "2024.01.31"]
[Round "2"]
[White "Gharibyan, Mamikon"]
[Black "Grischuk, Alexander"]
[Result "0-1"]
[WhiteElo "2504"]
[BlackElo "2732"]
[Annotator "RC"]
[PlyCount "186"]
[EventDate "2024.01.26"]
[EventType "swiss"]
[EventCountry "NET"]
[SourceTitle "playchess.com"]
[Source "ChessBase"]
[SourceQuality "1"]

1. e4 e5 2. Nf3 Nc6 3. Bb5 Nf6 4. d3 Bc5 5. c3 O-O 6. O-O d6 7. Nbd2 Ne7 8. Re1 Ng6 9. h3 c6 10. Ba4 Bb6 11. d4 exd4 12. cxd4 d5 13. e5 Nh5 14. Bc2 Nhf4 15. Nf1 f6 16. Ng3 fxe5 17. Nxe5 Nxe5 18. Rxe5 Qh4 19. Be3 Bc7 20. Nf5 Bxf5 21. Rxf5 Rxf5 22. Bxf5 Rf8 23. Qg4 Qf6 24. Bc2 Bb6 25. Rd1 g6 26. g3 Ne6 27. h4 Ng7 28. Kg2 Nf5 29. Bg5 Qe6 30. Bxf5 Qxf5 31. Qxf5 gxf5 32. Kf3 Re8 33. Kf4 Re4+ 34. Kxf5 Bxd4 35. f3 Re5+ 36. Kg4 Bxb2 37. f4 Re2 38. Kf5 Kf7 39. g4 d4 40. h5 c5 41. Bf6 Bc3 42. g5 Rg2 43. Rh1 b5 44. g6+ Kg8 45. Ke6 Re2+ 46. Kd5 b4 47. f5 d3 48. Bxc3 bxc3 49. f6 Rf2 50. f7+ Kg7 51. Kc4 hxg6 52. hxg6 Kxg6 53. Kxc3 Kxf7 54. Rh7+ Ke6 55. Rxa7 d2 56. Kc2 c4 57. Rc7 Kd5 58. Rc8 Kd4 59. Rd8+ Ke3 60. a4 Rf1 61. Re8+ Kd4 62. Kxd2 Rf2+ 63. Kd1 Kd3 64. Rd8+ Kc3 65. a5 Rf1+ 66. Ke2 Ra1 67. Ra8 Kc2 68. a6 c3 69. Ra7 Ra5 70. Ke3 Kd1 71. Rd7+ Kc1 72. a7 c2 73. Rc7 Ra3+ 74. Ke2 Kb1 75. Kd2 Rxa7 76. Rxa7 c1=Q+ 77. Kd3 Qf1+ 78. Kc3 Qf3+ 79. Kb4 Qd5 80. Ra5 Qd4+ 81. Kb5 Kb2 82. Ra4 Qd5+ 83. Kb6 Kb3 84. Ra5 Qd6+ 85. Kb5 Qb4+ 86. Ka6 Kc4 87. Ra2 Kc5 88. Rc2+ Kd6 89. Rc8 Kd7 90. Ra8 Kc7 91. Ra7+ Kc6 92. Rc7+ Kxc7 93. Ka7 Qa4# 0-1

[Event "CCT Play-in Chessable Masters 2024"]
[Site "Online"]
[Date "2024.01.31"]
[Round "2"]
[White "Kosteniuk, Alexandra"]
[Black "Drygalov, Sergey"]
[Result "1/2-1/2"]
[WhiteElo "2501"]
[BlackElo "2547"]
[Annotator "RC"]
[PlyCount "160"]
[EventDate "2024.01.26"]
[EventType "swiss"]
[EventCountry "NET"]
[SourceTitle "playchess.com"]
[Source "ChessBase"]
[SourceQuality "1"]

1. e4 c5 2. d4 cxd4 3. Qxd4 Nc6 4. Qd3 Nf6 5. Nc3 g6 6. Nf3 Bg7 7. Be2 d6 8. O-O Bg4 9. Nd5 Nd7 10. c3 O-O 11. Bg5 Re8 12. h3 Bxf3 13. Bxf3 h6 14. Bh4 Nce5 15. Qd1 g5 16. Bg3 e6 17. Ne3 Qb6 18. Rb1 Rad8 19. Qe2 Nf6 20. Bxe5 dxe5 21. Rfd1 Bf8 22. Nc4 Qc7 23. Nd2 a6 24. Nb3 Qc6 25. Rxd8 Rxd8 26. Rd1 Rxd1+ 27. Qxd1 Be7 28. Qd3 Kg7 29. Nd2 Bc5 30. b4 Ba7 31. Nc4 Qc7 32. a4 h5 33. Kf1 Kg6 34. Bd1 Bb8 35. Bc2 Qc6 36. g3 g4 37. h4 Bc7 38. Ne3 Bb6 39. Nc4 Bc7 40. Nd2 Bb6 41. Ke2 Kg7 42. c4 a5 43. c5 Ba7 44. Qe3 Nh7 45. Qc3 axb4 46. Qxe5+ f6 47. Qxh5 Qxc5 48. Qxg4+ Kf8 49. Bb3 Qxf2+ 50. Kd1 Be3 51. Qe2 Qg1+ 52. Nf1 Ke7 53. Qc4 Nf8 54. Qxb4+ Kf7 55. Qxb7+ Kg6 56. Qb5 Bh6 57. Qd3 Kg7 58. a5 Qc5 59. a6 Qa5 60. Bc4 Qa1+ 61. Ke2 Bc1 62. Nd2 Bxd2 63. Qxd2 Ng6 64. Qd7+ Kh6 65. Qd2+ Kg7 66. Qd7+ Kh6 67. Qxe6 Qb2+ 68. Kf1 Qc1+ 69. Kg2 Qd2+ 70. Kh3 Qc1 71. Kg2 Qd2+ 72. Kg1 Qe3+ 73. Kh2 Qd2+ 74. Kh3 Qc1 75. Qxf6 Qh1+ 76. Kg4 Qxe4+ 77. Kh3 Qh1+ 78. Kg4 Qe4+ 79. Kh3 Qh1+ 80. Kg4 Qe4+ 1/2-1/2

[Event "CCT Play-in Chessable Masters 2024"]
[Site "Online"]
[Date "2024.01.31"]
[Round "2"]
[White "Dronavalli, Harika"]
[Black "Sam_ChessMood"]
[Result "0-1"]
[WhiteElo "2500"]
[BlackElo "2592"]
[Annotator "RC"]
[PlyCount "96"]
[EventDate "2024.01.26"]
[EventType "swiss"]
[EventCountry "NET"]
[SourceTitle "playchess.com"]
[Source "ChessBase"]
[SourceQuality "1"]

1. Nf3 d5 2. c4 d4 3. b4 c5 4. e3 Nf6 5. Bb2 dxe3 6. fxe3 cxb4 7. d4 g6 8. Nbd2 Bh6 9. Qe2 Ng4 10. d5 O-O 11. Bd4 e5 12. dxe6 Bxe6 13. h3 Nf6 14. g4 Bg7 15. Bg2 Nc6 16. Bb2 Qe7 17. O-O Rad8 18. Nd4 Bd7 19. Qf2 Ne5 20. Qe2 Bc6 21. a3 Bxg2 22. Kxg2 h5 23. Rxf6 Qxf6 24. axb4 hxg4 25. hxg4 Qh4 26. Rxa7 Qxg4+ 27. Qxg4 Nxg4 28. Kf3 Ne5+ 29. Ke2 Ra8 30. Rxb7 Ra2 31. Bc3 Nxc4 32. Rc7 Nb6 33. b5 Nd5 34. Rc5 Nxc3+ 35. Rxc3 Bxd4 36. exd4 Rb2 37. Kd3 Rxb5 38. Ne4 Kg7 39. Rc7 Rf5 40. Nd6 Rf6 41. Rd7 g5 42. Ke4 Kg6 43. Nc4 Rf4+ 44. Ke3 f6 45. Nd6 Ra8 46. Kd3 Ra3+ 47. Kc4 Ra4+ 48. Kc5 Raxd4 0-1

[Event "CCT Play-in Chessable Masters 2024"]
[Site "Online"]
[Date "2024.01.31"]
[Round "2"]
[White "Zhuu96"]
[Black "Rakhmanov_Aleksandr"]
[Result "1/2-1/2"]
[WhiteElo "2492"]
[BlackElo "2610"]
[Annotator "NA"]
[PlyCount "56"]
[EventDate "2024.01.26"]
[EventType "swiss"]
[EventCountry "NET"]
[SourceTitle "playchess.com"]
[Source "ChessBase"]
[SourceQuality "1"]

1. e4 c5 2. Nf3 Nf6 3. e5 Nd5 4. Nc3 Nxc3 5. dxc3 Nc6 6. Bf4 Qb6 7. Rb1 Qc7 8. Qd2 e6 9. h4 h6 10. h5 b6 11. Bd3 Bb7 12. Be4 O-O-O 13. Rd1 Kb8 14. Rh3 Na5 15. Qe2 Bxe4 16. Qxe4 Qc6 17. Nd2 Qxe4+ 18. Nxe4 Nc6 19. g4 Be7 20. Bh2 Kb7 21. Rhd3 Kc8 22. Ke2 Rhf8 23. Bf4 Rh8 24. a4 Kc7 25. Rf3 Rhf8 26. Rfd3 Rh8 27. Rf3 Rhf8 28. Rfd3 Rh8 1/2-1/2

[Event "CCT Play-in Chessable Masters 2024"]
[Site "Online"]
[Date "2024.01.31"]
[Round "2"]
[White "Miladinovic, Igor"]
[Black "Samadov, Read"]
[Result "1-0"]
[WhiteElo "2489"]
[BlackElo "2502"]
[Annotator "RC"]
[PlyCount "177"]
[EventDate "2024.01.26"]
[EventType "swiss"]
[EventCountry "NET"]
[SourceTitle "playchess.com"]
[Source "ChessBase"]
[SourceQuality "1"]

1. d4 Nf6 2. Bg5 d5 3. e3 e6 4. Nd2 Nbd7 5. f4 c5 6. c3 Qb6 7. Rb1 h6 8. Bh4 Be7 9. Bd3 cxd4 10. cxd4 g5 11. Bg3 gxf4 12. Bxf4 Rg8 13. Qe2 Ng4 14. Ngf3 f5 15. h3 Ngf6 16. Ne5 Nxe5 17. dxe5 Ne4 18. Bxe4 fxe4 19. O-O Bd7 20. Qh5+ Kd8 21. Nb3 Rc8 22. Rbc1 Rc6 23. Qf7 Rf8 24. Rxc6 bxc6 25. Qg7 Rxf4 26. Rxf4 Qxe3+ 27. Rf2 Be8 28. Qg4 Kd7 29. Qe2 Qb6 30. Kh1 Bh5 31. Qe1 Bh4 32. Rf7+ Bxf7 33. Qxh4 e3 34. Qf6 Be8 35. Qg7+ Kc8 36. Qe7 Bd7 37. Qf8+ Qd8 38. Qxh6 Qb6 39. Qf8+ Kc7 40. Qd6+ Kc8 41. Nc5 Be8 42. Qxe6+ Kd8 43. Qf6+ Kc8 44. Qe7 Bh5 45. Qf8+ Kc7 46. Qg7+ Kc8 47. Qh8+ Kc7 48. Qh7+ Kc8 49. b4 e2 50. Qf5+ Kc7 51. Qf2 Qb5 52. Ne6+ Kb7 53. Nf4 Qc4 54. Kh2 Qe4 55. Nxe2 Bxe2 56. Qf7+ Kb6 57. Qf6 d4 58. e6 d3 59. e7 d2 60. Qf2+ Kb7 61. Qf7 Qe5+ 62. g3 Kb6 63. e8=Q Qxe8 64. Qxe8 d1=Q 65. Qe3+ Ka6 66. g4 Bc4 67. a3 Qd6+ 68. Kg1 Kb5 69. g5 Qd1+ 70. Kf2 Qc2+ 71. Kg3 Qf5 72. h4 Bd5 73. h5 Be6 74. h6 Qh3+ 75. Kf2 Qh2+ 76. Ke1 Qh1+ 77. Kd2 Qd5+ 78. Qd3+ Qxd3+ 79. Kxd3 Bf5+ 80. Kd4 a5 81. Ke5 Bh7 82. Kf6 axb4 83. axb4 Kxb4 84. g6 Bxg6 85. Kxg6 c5 86. h7 c4 87. h8=Q c3 88. Qb8+ Kc4 89. Qb1 1-0

[Event "CCT Play-in Chessable Masters 2024"]
[Site "Online"]
[Date "2024.01.31"]
[Round "2"]
[White "js20000"]
[Black "Dreev, Aleksey"]
[Result "0-1"]
[WhiteElo "2489"]
[BlackElo "2606"]
[Annotator "NA"]
[PlyCount "90"]
[EventDate "2024.01.26"]
[EventType "swiss"]
[EventCountry "NET"]
[SourceTitle "playchess.com"]
[Source "ChessBase"]
[SourceQuality "1"]

1. d4 d5 2. c4 c6 3. Nc3 Nf6 4. cxd5 cxd5 5. Bf4 Nc6 6. e3 Bg4 7. Qb3 Na5 8. Qa4+ Bd7 9. Qc2 e6 10. Nf3 Rc8 11. Bd3 Nc6 12. a3 Nh5 13. Bg5 Be7 14. Bxe7 Qxe7 15. O-O f5 16. Bb5 O-O 17. Bxc6 Bxc6 18. Ne5 Nf6 19. Rac1 Ng4 20. Nxg4 fxg4 21. Qe2 Qg5 22. Na2 a6 23. Qd2 Rce8 24. Nb4 Bb5 25. Rfd1 Rf7 26. b3 a5 27. Na2 Ref8 28. Nc3 Ba6 29. Na4 Rxf2 30. Qxf2 Rxf2 31. Kxf2 Qh4+ 32. Kg1 g3 33. hxg3 Qxg3 34. Re1 Bd3 35. Nc5 Bf5 36. Nd7 h5 37. Ne5 Kh7 38. Re2 h4 39. Rf1 Be4 40. Rf4 Bf5 41. Rf3 Qg5 42. Kh2 Qe7 43. a4 Qb4 44. g4 Be4 45. Rf8 Qxf8 0-1

[Event "CCT Play-in Chessable Masters 2024"]
[Site "Online"]
[Date "2024.01.31"]
[Round "2"]
[White "Troff, Kayden"]
[Black "GeorgMeier"]
[Result "1/2-1/2"]
[WhiteElo "2484"]
[BlackElo "2678"]
[Annotator "TA"]
[PlyCount "69"]
[EventDate "2024.01.26"]
[EventType "swiss"]
[EventCountry "NET"]
[SourceTitle "playchess.com"]
[Source "ChessBase"]
[SourceQuality "1"]

1. e4 e6 2. f4 d5 3. e5 c5 4. Nf3 Nc6 5. c3 Nh6 6. Na3 Bd7 7. Nc2 Rc8 8. d4 cxd4 9. cxd4 Nb4 10. Nxb4 Bxb4+ 11. Bd2 Qb6 12. Bxb4 Qxb4+ 13. Qd2 Qb6 14. Bd3 Bb5 15. O-O Bxd3 16. Qxd3 Qa6 17. Qxa6 bxa6 18. Rac1 Kd7 19. Kf2 f6 20. h3 a5 21. b3 Nf5 22. g4 Ne7 23. exf6 gxf6 24. Kg3 Rhg8 25. Kf2 h6 26. Rg1 a4 27. bxa4 Rc4 28. g5 Rxc1 29. Rxc1 hxg5 30. fxg5 fxg5 31. Ne5+ Kd6 32. Nf7+ Kd7 33. Ne5+ Kd6 34. Nf7+ Kd7 35. Ne5+ 1/2-1/2

[Event "CCT Play-in Chessable Masters 2024"]
[Site "Online"]
[Date "2024.01.31"]
[Round "2"]
[White "Pakleza, Zbigniew"]
[Black "rasmussvane"]
[Result "0-1"]
[WhiteElo "2482"]
[BlackElo "2596"]
[Annotator "RC"]
[PlyCount "196"]
[EventDate "2024.01.26"]
[EventType "swiss"]
[EventCountry "NET"]
[SourceTitle "playchess.com"]
[Source "ChessBase"]
[SourceQuality "1"]

1. d4 Nf6 2. Nf3 e6 3. Bf4 h6 4. h3 d5 5. Nbd2 c5 6. c3 Nc6 7. e3 Bd6 8. Bxd6 Qxd6 9. Qa4 O-O 10. Qa3 b6 11. Nb3 Nd7 12. Rd1 Bb7 13. Be2 a5 14. O-O a4 15. Nbd2 Qc7 16. c4 Nb4 17. Rc1 Bc6 18. dxc5 bxc5 19. cxd5 exd5 20. Nd4 Rfb8 21. Nxc6 Qxc6 22. Rfd1 Qe6 23. Bg4 f5 24. Bf3 Qe7 25. Nb1 Nb6 26. Nc3 Rd8 27. Ne2 Ra7 28. Nf4 Kh7 29. Qc3 c4 30. Qd4 Rb7 31. a3 Nc6 32. Qc3 Rbd7 33. Qc2 g6 34. g3 Ne5 35. Bg2 Kg7 36. h4 h5 37. Rd2 d4 38. exd4 Rxd4 39. Re2 Qf6 40. Rce1 Re8 41. Qc3 Qd6 42. Nh3 Rd3 43. Qa5 Qd4 44. Nf4 Nbd7 45. Nxd3 cxd3 46. Re3 d2 47. Rd1 Nc4 48. Qc3 Qxc3 49. bxc3 Nxe3 50. fxe3 Rxe3 51. Rxd2 Nf6 52. Rc2 Rxg3 53. c4 Ng4 54. c5 Ne3 55. Re2 Nxg2 56. Rxg2 Rc3 57. Rd2 Rc4 58. c6 Rxc6 59. Rd4 Ra6 60. Kg2 Kf6 61. Kf3 Ke5 62. Rb4 Ra5 63. Kg3 Rc5 64. Rxa4 Rc3+ 65. Kg2 f4 66. Ra5+ Ke4 67. a4 Rc2+ 68. Kh3 f3 69. Ra6 Ke3 70. Re6+ Kf2 71. Rxg6 Ra2 72. Rg5 Rxa4 73. Rxh5 Rf4 74. Re5 Kf1 75. h5 f2 76. Kg3 Kg1 77. Kxf4 f1=Q+ 78. Ke4 Qe2+ 79. Kd5 Qd2+ 80. Ke6 Kf2 81. Rf5+ Kg3 82. Re5 Kg4 83. Kf6 Qd6+ 84. Re6 Qf4+ 85. Ke7 Kxh5 86. Kd7 Kg5 87. Rd6 Kf5 88. Kc6 Ke5 89. Rd5+ Ke6 90. Rc5 Qb4 91. Rb5 Qc4+ 92. Kb6 Kd6 93. Ka5 Qc2 94. Kb4 Kc6 95. Ra5 Qd2+ 96. Ka4 Qb2 97. Rg5 Qa2+ 98. Kb4 Qd2+ 0-1

[Event "CCT Play-in Chessable Masters 2024"]
[Site "Online"]
[Date "2024.01.31"]
[Round "2"]
[White "Salinas Herrera, Pablo"]
[Black "Durarbayli, Vasif"]
[Result "0-1"]
[WhiteElo "2477"]
[BlackElo "2627"]
[Annotator "RC"]
[PlyCount "88"]
[EventDate "2024.01.26"]
[EventType "swiss"]
[EventCountry "NET"]
[SourceTitle "playchess.com"]
[Source "ChessBase"]
[SourceQuality "1"]

1. d4 Nf6 2. Nf3 d5 3. Bf4 c5 4. e3 Nc6 5. Nbd2 Qb6 6. dxc5 Qxb2 7. Rb1 Qc3 8. Bb5 e6 9. Ne5 Bd7 10. Nd3 Ne4 11. Bxc6 Bxc6 12. Be5 Qxd2+ 13. Qxd2 Nxd2 14. Kxd2 f6 15. Bg3 e5 16. Rhc1 O-O-O 17. Ke2 g5 18. f3 h5 19. h3 Rg8 20. Rb3 g4 21. hxg4 hxg4 22. f4 e4 23. Nb4 Bb5+ 24. Kf2 Bc4 25. Ra3 Bxc5 26. c3 f5 27. Bh4 g3+ 28. Bxg3 Rxg3 29. Kxg3 Bxe3 30. Rd1 Rg8+ 31. Kh2 Bxf4+ 32. g3 Bxg3+ 33. Kh3 Bd6 34. Rxa7 Kb8 35. Ra5 Rh8+ 36. Kg2 f4 37. Nxd5 f3+ 38. Kf2 Rh2+ 39. Ke3 Re2+ 40. Kd4 f2 41. Rh1 Bxd5 42. Kxd5 Re1 43. Rh8+ Kc7 44. Rb5 Rd1+ 0-1

[Event "CCT Play-in Chessable Masters 2024"]
[Site "Online"]
[Date "2024.01.31"]
[Round "2"]
[White "Budisavljevic, Luka"]
[Black "Mitrabha, Guha"]
[Result "1-0"]
[WhiteElo "2475"]
[BlackElo "2504"]
[Annotator "RC"]
[PlyCount "209"]
[EventDate "2024.01.26"]
[EventType "swiss"]
[EventCountry "NET"]
[SourceTitle "playchess.com"]
[Source "ChessBase"]
[SourceQuality "1"]

1. d4 Nf6 2. Nf3 c5 3. d5 b5 4. Bg5 g6 5. Bxf6 exf6 6. e4 b4 7. Nbd2 Bg7 8. Bd3 O-O 9. Nc4 d6 10. O-O Qc7 11. c3 bxc3 12. bxc3 Nd7 13. Rb1 Nb6 14. Nfd2 Bd7 15. Qc2 Na4 16. Rb3 Nb6 17. Rb2 Ba4 18. Qc1 Rab8 19. Nxb6 Rxb6 20. Nc4 Rbb8 21. Qd2 Rxb2 22. Nxb2 Bd7 23. Nc4 Rb8 24. Rb1 Rxb1+ 25. Bxb1 Bb5 26. Na3 Qa5 27. Nxb5 Qxb5 28. Bd3 Qa5 29. h4 f5 30. exf5 Bxc3 31. Qe2 Qa3 32. fxg6 hxg6 33. g3 Be5 34. Kg2 Kg7 35. Be4 Qb4 36. Bd3 Qd4 37. Qe4 Qb2 38. Qe2 Qc3 39. Bc4 Qd4 40. Qd3 Qb2 41. Qe2 Qc1 42. Bd3 Qc3 43. Bc4 a5 44. Qd3 Qc1 45. Qe2 a4 46. Bd3 Qc3 47. Qc2 Qa3 48. Bb5 Qb4 49. Bxa4 c4 50. Qd1 Qb2 51. Qc2 Qd4 52. Qd1 Qc5 53. Bc2 Qa3 54. Bb1 Qb2 55. h5 gxh5 56. Qc2 Qb5 57. Qh7+ Kf8 58. Be4 c3 59. Qh6+ Ke8 60. Qxh5 Qc4 61. Qf5 Ke7 62. a3 Qa6 63. Qg5+ Bf6 64. Qc1 Qc4 65. Qc2 Bd4 66. a4 Qb4 67. Bf3 Kd8 68. Be4 Kc7 69. Bf3 Kb6 70. Bd1 f6 71. Qf5 Qb2 72. Bc2 Bc5 73. Qd3 Kc7 74. Kf3 Qb4 75. Kg2 Bb6 76. Qb5 Qb2 77. Qc6+ Kb8 78. Qxd6+ Bc7 79. Qf8+ Ka7 80. Qc5+ Bb6 81. Qe7+ Ka6 82. Qe4 Qa3 83. Qd3+ Kb7 84. d6 Qc5 85. Qf3+ Kc8 86. Qxf6 Qd5+ 87. Kh2 Qd2 88. Qf5+ Kb8 89. d7 Kc7 90. Kg2 Qd4 91. Bd3 Ba7 92. Bc2 Bb6 93. g4 Bc5 94. g5 Bd6 95. a5 Qh4 96. g6 Qh2+ 97. Kf3 Qh1+ 98. Ke2 Qh6 99. a6 Qd2+ 100. Kf3 Be7 101. a7 Kb7 102. Qb5+ Kxa7 103. Qa5+ Kb7 104. Be4+ Kb8 105. Qb6# 1-0

[Event "CCT Play-in Chessable Masters 2024"]
[Site "Online"]
[Date "2024.01.31"]
[Round "2"]
[White "Gascon Del Nogal, Jose Rafael"]
[Black "Melkumyan, Hrant"]
[Result "0-1"]
[WhiteElo "2475"]
[BlackElo "2640"]
[Annotator "RC"]
[PlyCount "76"]
[EventDate "2024.01.26"]
[EventType "swiss"]
[EventCountry "NET"]
[SourceTitle "playchess.com"]
[Source "ChessBase"]
[SourceQuality "1"]

1. e4 c6 2. d4 d5 3. exd5 cxd5 4. Bd3 Nf6 5. c3 Nc6 6. Bf4 Bg4 7. Qb3 Qc8 8. Nd2 e6 9. Ngf3 Be7 10. O-O O-O 11. Rae1 Bh5 12. Re3 Bg6 13. Bxg6 hxg6 14. Bg5 Qc7 15. h3 Nd7 16. g3 Rfe8 17. Bf4 Bd6 18. Bxd6 Qxd6 19. Kg2 b5 20. h4 Rab8 21. Rh1 b4 22. Qc2 Nf6 23. Ne5 Rec8 24. Qd1 bxc3 25. bxc3 Ne7 26. g4 Rb2 27. h5 gxh5 28. g5 Ng4 29. Reh3 Ng6 30. Nxg6 fxg6 31. Qe2 Re8 32. Rb1 Rxb1 33. Nxb1 Qf4 34. Rg3 Qxg5 35. Nd2 Qf5 36. Nb3 e5 37. Nc5 e4 38. f3 exf3+ 0-1

[Event "CCT Play-in Chessable Masters 2024"]
[Site "Online"]
[Date "2024.01.31"]
[Round "2"]
[White "Zhu, Jiner"]
[Black "vugarrasulov"]
[Result "1/2-1/2"]
[WhiteElo "2467"]
[BlackElo "2590"]
[Annotator "RC"]
[PlyCount "113"]
[EventDate "2024.01.26"]
[EventType "swiss"]
[EventCountry "NET"]
[SourceTitle "playchess.com"]
[Source "ChessBase"]
[SourceQuality "1"]

1. e4 e5 2. Nf3 Nc6 3. Bb5 a6 4. Ba4 d6 5. O-O Bd7 6. c3 g6 7. d4 Bg7 8. Re1 Nf6 9. Nbd2 O-O 10. Bc2 h6 11. h3 Nh5 12. Nf1 Nf4 13. Bxf4 exf4 14. Qd2 g5 15. e5 dxe5 16. d5 Ne7 17. Nxe5 Bf5 18. Bxf5 Nxf5 19. Qd3 Nd6 20. Nh2 Re8 21. Nhf3 Qf6 22. c4 b6 23. Rad1 a5 24. b3 Qf5 25. Qxf5 Nxf5 26. Kf1 Nd6 27. a4 f5 28. Nc6 g4 29. Nfd4 Bxd4 30. Nxd4 f3 31. gxf3 gxh3 32. Kg1 Kf7 33. Kh2 Kf6 34. Ne6 Re7 35. Nxc7 Rxc7 36. Re6+ Kg5 37. Rxd6 Kf4 38. Rxh6 Kxf3 39. Rxh3+ Kxf2 40. d6 Rg7 41. Rd2+ Ke1 42. Rg2 Rxg2+ 43. Kxg2 Rd8 44. Rh6 Ke2 45. Re6+ Kd3 46. d7 Rxd7 47. Rxb6 Ke3 48. Re6+ Kf4 49. Re2 Rd3 50. Rc2 Rxb3 51. c5 Rb7 52. c6 Rc7 53. Rc5 Ke4 54. Kf2 f4 55. Ke2 Kd4 56. Rxa5 Rxc6 57. Kf3 1/2-1/2

[Event "CCT Play-in Chessable Masters 2024"]
[Site "Online"]
[Date "2024.01.31"]
[Round "2"]
[White "Golubev, Mikhail"]
[Black "Klekowski, Maciej"]
[Result "0-1"]
[WhiteElo "2461"]
[BlackElo "2477"]
[Annotator "RC"]
[PlyCount "72"]
[EventDate "2024.01.26"]
[EventType "swiss"]
[EventCountry "NET"]
[SourceTitle "playchess.com"]
[Source "ChessBase"]
[SourceQuality "1"]

1. e4 c5 2. Nf3 e6 3. d4 cxd4 4. Nxd4 Nc6 5. Nc3 a6 6. Be3 Nf6 7. Bd3 Qc7 8. O-O b5 9. Nxc6 dxc6 10. a4 Bb7 11. f4 b4 12. Nb1 c5 13. Nd2 c4 14. Nxc4 Nxe4 15. f5 e5 16. Qe2 f6 17. Qh5+ Qf7 18. Qxf7+ Kxf7 19. Nb6 Rd8 20. Bc4+ Ke8 21. Rfd1 Bc5 22. Bxc5 Nxc5 23. Bd5 Bxd5 24. Rxd5 Rxd5 25. Nxd5 a5 26. b3 Kf7 27. Ne3 g6 28. fxg6+ hxg6 29. Rd1 Ke6 30. Nc4 Nb7 31. h3 f5 32. Kf2 Rc8 33. h4 Rc6 34. Re1 Kf6 35. Re2 e4 36. Kg3 Nd6 0-1

[Event "CCT Play-in Chessable Masters 2024"]
[Site "Online"]
[Date "2024.01.31"]
[Round "2"]
[White "TomsKantans"]
[Black "Chirila, Ioan-Cristian"]
[Result "1-0"]
[WhiteElo "2398"]
[BlackElo "2530"]
[Annotator "RC"]
[PlyCount "85"]
[EventDate "2024.01.26"]
[EventType "swiss"]
[EventCountry "NET"]
[SourceTitle "playchess.com"]
[Source "ChessBase"]
[SourceQuality "1"]

1. e4 c5 2. Nf3 Nc6 3. Bb5 g6 4. c3 Bg7 5. d4 Nf6 6. e5 Nd5 7. dxc5 Nc7 8. Bxc6 dxc6 9. Qxd8+ Kxd8 10. Be3 Bf5 11. Nbd2 Ne6 12. O-O-O Kc7 13. h3 h5 14. Rhe1 Rad8 15. Ng5 Nxg5 16. Bxg5 Rhe8 17. Bf4 Kc8 18. Nc4 Be6 19. Nd2 Rd5 20. Nb3 Red8 21. Rd4 R5d7 22. Red1 Bxb3 23. axb3 Rxd4 24. cxd4 Rd5 25. g4 hxg4 26. hxg4 Kd7 27. Be3 Ke6 28. Rh1 Rd8 29. Rh7 Rg8 30. Kc2 f6 31. exf6 Bxf6 32. Kd3 Rh8 33. Rxh8 Bxh8 34. Ke4 a6 35. Bf4 Bf6 36. g5 Bg7 37. Bb8 Bh8 38. f4 Bg7 39. Be5 Bxe5 40. dxe5 a5 41. f5+ gxf5+ 42. Kf4 Kf7 43. Kxf5 1-0

[Event "CCT Play-in Chessable Masters 2024"]
[Site "Online"]
[Date "2024.01.31"]
[Round "2"]
[White "kpio91"]
[Black "Bernadskiy, Vitaliy"]
[Result "1-0"]
[WhiteElo "2362"]
[BlackElo "2566"]
[Annotator "NA"]
[PlyCount "65"]
[EventDate "2024.01.26"]
[EventType "swiss"]
[EventCountry "NET"]
[SourceTitle "playchess.com"]
[Source "ChessBase"]
[SourceQuality "1"]

1. e4 c6 2. d4 d5 3. Nc3 dxe4 4. Nxe4 Bf5 5. Ng3 Bg6 6. h4 h6 7. Nf3 Nd7 8. h5 Bh7 9. Bd3 Bxd3 10. Qxd3 Ngf6 11. Bf4 e6 12. O-O-O Be7 13. Kb1 Qb6 14. c4 Rd8 15. Ne4 Nxe4 16. Qxe4 Nf6 17. Qe2 a5 18. Be3 Qa6 19. Ne5 a4 20. g4 a3 21. b3 Qa5 22. Qc2 Bd6 23. f4 O-O 24. Rhg1 Bxe5 25. fxe5 Nh7 26. g5 hxg5 27. Bxg5 Nxg5 28. Rxg5 Kh8 29. h6 g6 30. Qf2 f6 31. Rxg6 fxe5 32. Rf6 Rfe8 33. Rf7 1-0